| 000 | 00916cam a22002651i 4500 | ||
|---|---|---|---|
| 001 | gs 05000742 | ||
| 003 | DLC | ||
| 005 | 20260227111301.0 | ||
| 008 | 781108s1902 dcub 001 0 eng | ||
| 010 | _ags 05000742 | ||
| 035 | _a(OCoLC)4355911 | ||
| 040 |
_aDLC _cICharE _dDLC |
||
| 042 | _apremarc | ||
| 050 | 0 | 0 |
_aQE75 _b.B9 no. 200 |
| 100 | 1 |
_aCampbell, Marius R. _q(Marius Robinson), _d1858-1940. |
|
| 245 | 1 | 0 |
_aReconnaissance of the borax deposits of Death valley and Mohave desert, / _cby Marius R. Campbell. |
| 260 |
_aWashington, _bGovt. Print. Off., _c1902. |
||
| 300 |
_a23 p. : _bcol. map ; _c24 cm. |
||
| 490 | 1 |
_aU.S. Geological survey. Bulletin _vno. 200 |
|
| 500 | _aSubject series: A, Economic geology, 17. | ||
| 500 | _aIssued also as House doc. 698, 57th Cong., 1st sess. | ||
| 504 | _aIncludes index. | ||
| 650 | 0 | _aBorax. | |
| 810 | 2 |
_aGeological Survey (U.S.). _tBulletin ; _vno. 200. |
|
| 999 |
_c24274 _d24274 |
||